Financial Management (Record no. 345020)

000 -LEADER
fixed length control field 00436 a2200157 4500
020 ## - INTERNATIONAL STANDARD BOOK NUMBER
International Standard Book Number 0137194854
022 ## - INTERNATIONAL STANDARD SERIAL NUMBER
International Standard Serial Number 9780137194858
082 ## - DEWEY DECIMAL CLASSIFICATION NUMBER
Classification number 658.15
090 ## - LOCALLY ASSIGNED LC-TYPE CALL NUMBER (OCLC); LOCAL CALL NUMBER (RLIN)
-- 2525
-- 2525
100 ## - MAIN ENTRY--PERSONAL NAME
Personal name Gallagher,Timothy J.
245 ## - TITLE STATEMENT
Title Financial Management
Remainder of title Principles and Practice
Statement of responsibility, etc. Timothy J.Gallagher
260 ## - PUBLICATION, DISTRIBUTION, ETC.
Place of publication, distribution, etc. New Jersey
Name of publisher, distributor, etc. Prentice-Hall International,Inc.
Date of publication, distribution, etc. 1997
300 ## - PHYSICAL DESCRIPTION
Extent 523p
500 ## - GENERAL NOTE
General note Paper cover
942 ## - ADDED ENTRY ELEMENTS (KOHA)
Institution code [OBSOLETE] NBS
Koha item type Book
Call number prefix 658.15 GAL
Holdings
Withdrawn status Lost status Damaged status Not for loan Permanent Location Current Location Date acquired Total Checkouts Full call number Barcode Date last seen Price effective from Koha item type
        Central Library (CL) Central Library (CL) 08/28/2013   658.15 GAL NBS3780 08/28/2013 08/28/2013 Book
© 2023 Central Library, National University of Sciences and Technology. All Rights Reserved.